Fatigue of materials at low and high - frequency loading

Bibliographic Details
Main Authors: Bokůvka, Otakar, 1945- (Author), Nicoletto, Gianni (Author), Guagliano, Mario (Author), Kunz, Ludvík (Author), Palček, Peter, 1950- (Author), Nový, František, 1972- (Author), Chalupová, Mária (Author)
Format: Book
Language:English
Published: Žilina University of Žilina 2014
Edition:1. vyd.
Subjects:

MARC

LEADER 00000nam a2200000 a 4500
001 vtls010636557
003 SK-MaSNL
005 20260301134019.0
008 160429s2014 xo oda e n 000 0 eng
015 |a SNBA2014/12 
020 |a 9788055408576 (viaz.) 
035 |a CC87DDF8-2494-4256-A9D5-4C65D6533AAF 
035 |a urn:nbn:sk:snk-amjp4v 
035 |a urn:nbn:sk:snk-am001zan 
040 |a SNK  |b slo  |c SNK  |e AACR2 
041 0 |a eng 
044 |a xo  |c SK 
072 7 |a 620.1/.2  |x Náuka o materiáli  |2 konspekt 
080 |a 62-1  |2 2001 
080 |a 539.4  |2 2001 
080 |a (075.8)  |2 2001 
080 |a 620-178.3  |2 2001 
245 0 0 |a Fatigue of materials at low and high - frequency loading  |c Otakar Bokůvka ... [et al.] 
250 |a 1. vyd. 
260 |a Žilina  |b University of Žilina  |c 2014 
300 |a 146 s.  |b fotogr., grafy., ilustr., tab.  |c 25 cm 
504 |a Bibliogr.: s. 140-146 
650 0 7 |a únava materiálu  |2 SNKPH  |9 3739 
650 0 7 |a pevnosť  |2 SNKPH  |9 1636 
650 0 7 |a Strength of materials  |2 SNKPHeng  |9 316662 
650 0 7 |a Material fatigue  |2 SNKPHeng  |9 315421 
655 7 |a učebnice vysokých škôl  |2 SNKPH  |9 70191 
655 7 |a Textbooks (higher)  |2 SNKPHeng  |9 276436 
700 1 |a Bokůvka, Otakar,  |d 1945-  |4 aut  |9 196729 
700 1 |a Nicoletto, Gianni  |4 aut  |9 487330 
700 1 |a Guagliano, Mario  |4 aut  |9 487331 
700 1 |a Kunz, Ludvík  |4 aut  |9 386872 
700 1 |a Palček, Peter,  |d 1950-  |4 aut  |9 114594 
700 1 |a Nový, František,  |d 1972-  |4 aut  |9 196691 
700 1 |a Chalupová, Mária  |4 aut  |9 9219 
852 |a Štátna vedecká knižnica v Banskej Bystrici 
919 |a 978-80-554-0857-6 
999 |c 755446  |d 757376 
952 |a SNK  |b SNK  |y PREZ  |7 0  |p 17A1120151  |o snkSC 161823  |i snk2014/25474  |8 0  |0 0  |1 0  |4 0  |d 2014-11-18  |f 1  |l 0  |r 2025-08-25 00:00:00  |w 2026-02-23 
952 |a SNK  |b SNK  |y VYP  |7 0  |p 17A1120152  |o snkSC 161823 D1  |i snk2014/25475  |8 0  |0 0  |1 0  |4 0  |d 2014-11-18  |l 0  |r 2026-02-23 23:47:02  |w 2026-02-23